LEADER 01331nam a2200253 u 4500 001 000000119582 003 CaOOAMICUS 005 20100128102045.0 008 100128s1905 bl af u000 u por r 040 $aPUL$bita$dMCT 100 1 $aPassalacqua, Camillo.$0(OLS)http://pul/name/74731 245 10$aDecor carmeli, ou Manual dos Terceiros Carmelitanos da cidade de S. Paulo no Brazil /$cpelo respectivo commissario rev.mo Mons. Camillo Passalacqua. 246 33$aManual dos Terceiros Carmelitanos da cidade de S. Paulo no Brazil 250 $a3a ed. revista e augmentada mandada publicar pela mesa administrativa em 1905. 260 $aS?o Paulo :$bCardozo, Filho & Motta,$c1905. 300 $a381, VI p., [1] c. di tav. :$bill. ;$c17 cm 610 24$aCarmelitani.$0(OLS)http://pul/subject/7906 650 4$aLiturgia$zBrasile.$0(OLS)http://pul/subject/36355 850 $aPUL 852 $aPUL$W1$xDP1 Religione 1$y20$m555 B 16$j137188$qStampati$B136254$CPULBib$Z2$F136254 $82 941 1 $a8 996 $6245$aDecor carmeli, ou Manual dos Terceiros Carmelitanos da cidade de S. Paulo no Brazil$9(OLS)http://pul/title/150466 996 $6246$aManual dos Terceiros Carmelitanos da cidade de S. Paulo no Brazil$9(OLS)http://pul/title/150467 996 $6260$aS?o Paulo :$bCardozo, Filho & Motta$9(OLS)http://pul/publisher/81099 LEADER 01145nam a2200301 u 4500 001 000000120121 003 CaOOAMICUS 005 20100218112820.0 008 100218s1909 it u000 u ita r 040 $aPUL$bita$dMCT 041 1 $aita$hfre 100 1 $aJoly, Henri,$d1839-1925.$0(OLS)http://pul/name/36485 245 10$aPsicologia dei santi /$cdi Enrico Joly. 250 $a2. ed. italiana su la 2. ed. francese. 260 $aRoma :$bDesclée e C.i,$c1909. 300 $a158 p. ;$c20 cm 490 1 $aI santi ;$v1 504 $aBibliografia in nota. 650 4$aSanti.$0(OLS)http://pul/subject/20 650 4$aPsicologia religiosa.$0(OLS)http://pul/subject/7729 830 2$aI santi ;$v1.$0(OLS)http://pul/title/13882 850 $aPUL 852 $aPUL$W1$xDP1 Religione 1$y20$m576 E 5$j137747$qStampati$B136884$CPULBib$Z2$F136884 $H54319 $82 941 1 $a8 960 $aPsicologia della religione$97729 961 $aTimbro: Fondo Mons. Igino Cecchetti. 996 $6245$aPsicologia dei santi$9(OLS)http://pul/title/151099 996 $6260$aRoma :$bDesclée e C.i$9(OLS)http://pul/publisher/51289